Programación lineal y análisis económico
Uloženo v:
| Hlavní autoři: | , , |
|---|---|
| Médium: | Kniha |
| Jazyk: | španělština |
| Vydáno: |
Madrid
Aguilar
1964
|
| Vydání: | 2a. ed |
| Edice: | Biblioteca de Ciencias Sociales. Sección primera: Economía
|
| Témata: | |
| Tagy: |
Přidat tag
Žádné tagy, Buďte první, kdo vytvoří štítek k tomuto záznamu!
|
MARC
| LEADER | 00000nam a2200000 a 4500 | ||
|---|---|---|---|
| 001 | UCR8034 | ||
| 003 | CL-VaPUC | ||
| 008 | 980519e19640000SP |||||||||||||||||spa|d | ||
| 082 | 0 | 4 | |a 519.72 |b DOR |2 21 |
| 100 | 0 | |a Dorfman, Robert |e author |9 409655 | |
| 700 | 0 | |a Samuelson, Paul Anthony |e author |9 409656 | |
| 700 | 0 | |a Solow, Robert M |e author |9 409657 | |
| 245 | 1 | 0 | |a Programación lineal y análisis económico |
| 250 | |a 2a. ed | ||
| 300 | |a 572 p | ||
| 942 | |c BK | ||
| 945 | |d 19980519 00:00:00 |a crobeson | ||
| 260 | |a Madrid |b Aguilar |c 1964 | ||
| 650 | 0 | |a Programación lineal |9 23 | |
| 650 | 7 | |a ECONOMIA MODELOS MATEMATICOS |2 CL-VaPUC |9 264376 | |
| 650 | 7 | |a ORGANIZACION INDUSTRIAL TEORIA ECONOMICA |2 CL-VaPUC |9 270352 | |
| 583 | |a last modification |c 19980519 00:00:00 |k Rodrigo Vera | ||
| 490 | 0 | |a Biblioteca de Ciencias Sociales. Sección primera: Economía | |
| 999 | |c 269601 |d 269599 | ||
| 952 | |0 0 |1 0 |4 0 |6 519_720000000000000_DOR_1964 |7 0 |8 A |9 303384 |a BIBENE |b BIBENE |d 2019-11-20 |i 1402579 |o 519.72 DOR 1964 |p 1402579 |r 2025-01-15 |w 2019-11-20 |y BK |k ICO | ||
| 952 | |0 0 |1 0 |4 0 |6 519_720000000000000_DOR_1964 |7 0 |8 A |9 303385 |a BIBMAT |b BIBMAT |d 2019-11-20 |i 1308750 |o 519.72 DOR 1964 |p 1308750 |r 2025-01-07 |w 2019-11-20 |y BK |k MAT | ||